Statistics for Jace Norman Filmography

Click here to take the quiz!

General Stats

  • This quiz has been taken 28 times
    (5 since last reset)
  • The average score is 17 of 27

Answer Stats

TypeYearName% Correct
TV Show2014-2020Henry Danger
100%
FilmTBAHenry Danger: The Movie
100%
TV Show2012Jessie
100%
TV Film2018Blurt
80%
TV Show2020-2023Danger Force
80%
TV Show2018, 2019Game Shakers
80%
TV Film2016Rufus
80%
TV Film2017Rufus 2
80%
TV Film2015Splitting Adam
80%
TV Show2018The Adventures of Kid Danger
80%
TV Show2013The Thundermans
80%
Film2020Bigfoot Family
60%
TV Film2019Bixler High Private Eye
60%
TV Mini-Series2021Danger Goes Digital
60%
TV Show2015-2016Henry Danger Motion Comic
60%
TV Special2015Nickelodeon's Ho Ho Holiday Special
60%
TV Special2017Nickelodeon's Sizzling Summer Camp
60%
Film2016Spark: A Space Tail
60%
TV Film2013The Dumb Show
60%
TV Show2019, 2020The Substitute
60%
Short Film2023Adam's Song
40%
TV Special2017Nickelodeon's Not So Valentine's Special
40%
TV Film2023Rufus-3
40%
TV Mini-Series2013Deadtime Stories
20%
TV Show2019SpongeBob SquarePants
20%
TV Show2017The Loud House
20%
TV Show2015Webheads
20%

Score Distribution

Percentile by Number Answered

Percent of People with Each Score

Your Score History

You have not taken this quiz since the last reset